| 000 | 01582nam0a22003371 4500 | ||
|---|---|---|---|
| 001 | rc\4222906 | ||
| 005 | 20130416110038.5 | ||
| 021 |
_aRU _b[68-6509] |
||
| 035 | _a(NLR Aleph) 008459967 | ||
| 090 |
_a7863065 _c7863065 |
||
| 100 | _a20130416d1967 |||y0rusy50 ca | ||
| 101 | 0 | _arus | |
| 102 | _aRU | ||
| 105 | _aah z ||||| | ||
| 200 | 1 |
_aАйвазовский _eДокументы и материалы _fАрхивное упр. при Совете Министров Арм. ССР. Центр. гос. ист. архив Арм. ССР |
|
| 210 |
_aЕреван _cАйастан _d1967 |
||
| 215 |
_a406 с., 14 л. ил. _cфакс. _d20 |
||
| 300 | _aНа обороте тит. л. сост.: канд. искусствоведения М.С. Саргсян, Г.Г. Арутюнян, Г.М. Шатирян | ||
| 320 | _aВспом. указатели: с. 366-405 | ||
| 606 |
_aПейзажная живопись, русская _z19-20 вв. _jДокументы и материалы _2psbo |
||
| 606 |
_aПейзаж морской в живописи _2psbo |
||
| 702 | 1 |
_aАрутюнян _bГ. Г. _4220 |
|
| 702 | 1 |
_aШатирян _bГ. М. _4220 |
|
| 702 | 1 |
_aСаргсян _bМ. С. _gМинас С. _4220 |
|
| 702 | 1 |
_aАйвазовский _bИ. К. _f1817-1900 _gИван Константинович _4570 |
|
| 712 | 0 | 2 |
_aЦентральный исторический архив Армянской ССР _cЕреван _3RU\NLR\AUTH\8816191 |
| 801 | 0 |
_aRU _bNLR _gpsbo |
|
| 801 | 1 |
_aRU _bELAR _2rusmarc |
|
| 852 |
_aNLR _j68-3/1111 |
||
| 942 | _cBOOK | ||
| 980 | _aNB | ||